| 000 | 00823nam a22002537a 4500 | ||
|---|---|---|---|
| 003 | OSt | ||
| 005 | 20251125111649.0 | ||
| 008 | 251125b |||||||| |||| 00| 0 eng d | ||
| 020 | _a978-0-415-99786-7. | ||
| 040 |
_aDWCL-Admin lib _cOC |
||
| 082 | _aCirc. 659.201 P976 2009 | ||
| 100 | _aIhlen, Oyvild | ||
| 245 |
_a Public relations and social theory : _bkey figures and concepts / _cOyvild Ihlen |
||
| 260 |
_a N.Y. : _bRoutledge, _cc2009 |
||
| 300 |
_a viii, 376 p. ; _c23 cm. |
||
| 504 | _aIncludes bibliopgraphical references & index. | ||
| 650 | _a1. Public relations Research | ||
| 650 | _a2. Public relations-Evaluation | ||
| 650 | _a3. Social Sciences-Philosophy | ||
| 650 | _a4. Social scientists | ||
| 700 | _aRuler, Betteke Van | ||
| 700 | _aFredriksson, Magnus | ||
| 942 |
_2ddc _cBK-CIRC _kCirc. _n0 |
||
| 999 |
_c6235 _d6235 |
||